Kódy pre DNA pamäte
Gespeichert in:
| 1. Verfasser: | |
|---|---|
| Weitere Verfasser: | |
| Format: | Manuskript Buch |
| Sprache: | Slowakisch |
| Veröffentlicht: |
Bratislava :
STU v Bratislave FEI,
2023
|
| Schlagworte: | |
| Online-Zugang: | https://opac.crzp.sk/?fn=detailBiblioFormChildO60AB&sid=1755732D0F093F437AAA3EEAC795&seo=CRZP-detail-kniha |
| Tags: |
Keine Tags, Fügen Sie das erste Tag hinzu!
|
MARC
| LEADER | 00000ntm a22000003a 4500 | ||
|---|---|---|---|
| 001 | stuzp92100 | ||
| 003 | SK-STU | ||
| 005 | 20241127093829.7 | ||
| 007 | ta | ||
| 008 | 150427s2015----xo-----f-mn---000-0-slo-d | ||
| 040 | |a STU |b slo | ||
| 041 | 0 | |a slo | |
| 044 | |a xo | ||
| 100 | 1 | |a Hudač, Daniel |u 037000 |4 aut |U FEI Fakulta elektrotechniky a informatiky |T FEI Ústav multimediálnych informačných a komunikačných technológií |X 86431 |U E070 |Y 818 |7 86431 | |
| 242 | 0 | 1 | |a Codes for DNA storages |y eng |
| 245 | 1 | 0 | |a Kódy pre DNA pamäte |
| 260 | |a Bratislava : |b STU v Bratislave FEI, |c 2023 | ||
| 300 | |a 75 s. | ||
| 650 | 4 | |a Nukleotid |2 slo | |
| 650 | 4 | |a DNA |2 slo | |
| 650 | 4 | |a Guessing |2 slo | |
| 650 | 4 | |a Matlab |2 slo | |
| 650 | 4 | |a CRC |2 slo | |
| 650 | 4 | |a Dekódovanie |2 slo | |
| 650 | 4 | |a payload |2 slo | |
| 650 | 4 | |a pamäť |2 slo | |
| 650 | 4 | |a Nucleotide |2 eng | |
| 650 | 4 | |a Dna |2 eng | |
| 650 | 4 | |a Guessing |2 eng | |
| 650 | 4 | |a Matlab |2 eng | |
| 650 | 4 | |a CRC |2 eng | |
| 650 | 4 | |a Decoding |2 eng | |
| 650 | 4 | |a payload |2 eng | |
| 650 | 4 | |a storage |2 eng | |
| 700 | 1 | |a Farkaš, Peter |u 037000 |k Z1 |4 ths |U FEI Fakulta elektrotechniky a informatiky |T FEI Ústav multimediálnych informačných a komunikačných technológií |X 1933 |U E070 |Y 818 |7 A000001933 | |
| 856 | 4 | |u https://opac.crzp.sk/?fn=detailBiblioFormChildO60AB&sid=1755732D0F093F437AAA3EEAC795&seo=CRZP-detail-kniha | |